Lyrics - Blood Red Sandman - Lordi - Statistics

General Stats
  • This quiz has been taken 10 times
  • The average score is 251 of 261
Answer Stats
Answer % Correct
a
100%
again
100%
Blood
100%
bring
100%
Can
100%
children
100%
Chills
100%
cold
100%
coming
100%
cutting
100%
deep
100%
fear
100%
flames
100%
hear
100%
home
100%
how
100%
I
100%
I'm
100%
is
100%
like
100%
make
100%
my
100%
night
100%
of
100%
On
100%
Once
100%
one
100%
own
100%
pain
100%
Red
100%
Sandman
100%
sawblade
100%
the
100%
The
100%
there
100%
this
100%
unholy
100%
weep
100%
will
100%
you
100%
above
80%
all
80%
Apron
80%
at
80%
back
80%
blame
80%
called
80%
come
80%
dead
80%
Dream
80%
ever
80%
heavens
80%
Jack
80%
Leather
80%
leaves
80%
me
80%
Monsterican
80%
name
80%
neighborhood's
80%
never
80%
No-one
80%
prayed
80%
pretty
80%
satin
80%
Scream
80%
scream
80%
sign
80%
Smiling
80%
so
80%
stain
80%
That
80%
They
80%
to
80%
want
80%
way
80%
When
80%
when
80%
white
80%
would
80%
drops
60%
up
60%
wake
60%
won't
60%
No matching quizzes found
Score Distribution
Percent of People with Each Score
Percentile by Number Answered
Your Score History
You have not taken this quiz